000 00630cam a22002172 4500
001 0000002112
005 20151217161130.0
008 070402s xx 000 0 eng d
020 _a0582776481 :
_cKES 750
040 _aKABU
_cKABU
050 0 _aPE1628
_b.L66 2003
245 1 0 _aLongman dictionary of contemporary English.
250 _aNew ed.
260 _aHarlow, England :
_bPearson Education,
_c2003.
300 _axvii, 1949 p.
500 _awith CD ROM.
650 0 _aEnglish language
_vDictionaries.
_@0000148334
908 _a070402
950 _@1
999 _c14894
_d14894